000
00333nam a2200133Ia 4500
008
100328s9999 xx 000 0 und d
082
_b
19330
100
_a
पानवलकर श्री.दा
245
_a
सूर्य
260
_b
मौज
630
_a
सूर्य
730
_a
सूर्य
942
_c
BOOK
999
_c
513653
_d
513650